[Event "Speed Chess Q2 Sw"]
[Site "Chess.com INT"]
[Date "2023.08.23"]
[Round "11"]
[White "Baskakov, Egor"]
[Black "Han, Yichen"]
[Result "1-0"]
[WhiteElo "2215"]
[BlackElo "2413"]
[PlyCount "83"]
[EventDate "2023.08.23"]
[EventType "swiss (blitz)"]
[EventRounds "14"]
[EventCountry "USA"]
[SourceTitle "CBM 215 Extra"]
[Source "ChessBase"]
[SourceDate "2023.09.30"]
[SourceVersion "1"]
[SourceVersionDate "2023.09.30"]
[SourceQuality "1"]

1. e4 e5 2. Nc3 Nc6 3. g3 Nf6 4. Bg2 Bc5 5. h3 d6 6. Nge2 0-0 7. d3 Be6 8. Nd5 Bxd5 9. exd5 Ne7 10. c4 Nf5 11. 0-0 a5 12. Kh2 Nd4 13. Nc3 Nd7 14. f4 exf4 15. Bxf4 Ne5 16. Ne4 Ba7 17. Qh5 Ng6 18. Rae1 f6 19. h4 Ne5 20. Bh3 Qe8 21. Qd1 Kh8 22. h5 Nef3+ 23. Rxf3 Nxf3+ 24. Qxf3 f5 25. h6 g6 26. Qd1 fxe4 27. Rxe4 Qf7 28. Qd2 Qf6 29. d4 Rae8 30. Be6 Bb6 31. a3 g5 32. Bxg5 Qf2+ 33. Qxf2 Rxf2+ 34. Kg1 Ref8 35. b4 axb4 36. axb4 Rf1+ 37. Kg2 R1f2+ 38. Kh3 Rb2 39. c5 dxc5 40. dxc5 Ba7 41. Rf4 Rxf4 42. gxf4 1-0

[Event "Speed Chess Q2 Sw"]
[Site "Chess.com INT"]
[Date "2023.08.23"]
[Round "1"]
[White "Han, Yichen"]
[Black "Riehle, Marco"]
[Result "1/2-1/2"]
[WhiteElo "2413"]
[BlackElo "2368"]
[PlyCount "176"]
[EventDate "2023.08.23"]
[EventType "swiss (blitz)"]
[EventRounds "14"]
[EventCountry "USA"]
[SourceTitle "CBM 215 Extra"]
[Source "ChessBase"]
[SourceDate "2023.09.30"]
[SourceVersion "1"]
[SourceVersionDate "2023.09.30"]
[SourceQuality "1"]

1. e4 e5 2. Nf3 Nf6 3. Nc3 Nc6 4. Bc4 Bc5 5. d3 d6 6. 0-0 h6 7. Nd5 Be6 8. c3 Bxd5 9. exd5 Ne7 10. d4 exd4 11. Nxd4 0-0 12. Qf3 Bxd4 13. cxd4 Ng6 14. Bd3 Re8 15. Be3 Nh7 16. Qg3 Qf6 17. Rac1 Re7 18. Rc2 Nh4 19. Rfc1 Nf5 20. Bxf5 Qxf5 21. Rxc7 Rxc7 22. Rxc7 Qb1+ 23. Rc1 Qxb2 24. Qxd6 Re8 25. Qc7 Nf6 26. d6 Nd5 27. Qc4 Nxe3 28. d7 Rd8 29. Qc8 Kh7 30. fxe3 Rxd7 31. Qc2+ Qxc2 32. Rxc2 Kg6 33. Kf2 Rd6 34. Kf3 Ra6 35. e4 Ra4 36. d5 Kf6 37. Rc7 Ra3+ 38. Kf4 g5+ 39. Kg4 Kg6 40. g3 h5+ 41. Kh3 Rxa2 42. g4 Ra3+ 43. Kg2 hxg4 44. Rxb7 f5 45. exf5+ Kxf5 46. d6 Ke6 47. d7 Ke7 48. Kf2 a6 49. Kg2 a5 50. Ra7 a4 51. Kf2 Rf3+ 52. Kg2 a3 53. Kg1 g3 54. hxg3 Rxg3+ 55. Kf2 Rb3 56. Kg2 g4 57. Kf2 Kd8 58. Kg2 g3 59. Kh3 Ke7 60. Kg2 Rb2+ 61. Kxg3 Ra2 62. Kf3 Kd8 63. Kg3 Ra1 64. Kh2 Ke7 65. Kg2 Kd8 66. Kh2 Ra2+ 67. Kg1 Rb2 68. Rxa3 Kxd7 69. Rf3 Ke6 70. Rf2 Rb3 71. Kg2 Ke5 72. Rf3 Rb2+ 73. Rf2 Rb8 74. Re2+ Kf4 75. Rf2+ Ke3 76. Rf3+ Ke4 77. Ra3 Rb4 78. Rg3 Kf4 79. Rf3+ Kg4 80. Rg3+ Kh4 81. Rh3+ Kg5 82. Rg3+ Kf4 83. Rf3+ Ke4 84. Rf8 Rb2+ 85. Kg3 Rb3+ 86. Kg2 Rb2+ 87. Kg3 Rb3+ 88. Kg2 Rb2+ 1/2-1/2

[Event "Speed Chess Q2 Sw"]
[Site "Chess.com INT"]
[Date "2023.08.23"]
[Round "12"]
[White "Han, Yichen"]
[Black "Schwabeneder, Florian"]
[Result "1-0"]
[WhiteElo "2413"]
[BlackElo "2389"]
[PlyCount "71"]
[EventDate "2023.08.23"]
[EventType "swiss (blitz)"]
[EventRounds "14"]
[EventCountry "USA"]
[SourceTitle "CBM 215 Extra"]
[Source "ChessBase"]
[SourceDate "2023.09.30"]
[SourceVersion "1"]
[SourceVersionDate "2023.09.30"]
[SourceQuality "1"]

1. e4 Nc6 2. Nf3 d6 3. d4 Nf6 4. Nc3 g6 5. Bb5 a6 6. Bxc6+ bxc6 7. e5 Nd5 8. Qe2 Nxc3 9. bxc3 Bg7 10. Qe4 Bd7 11. Ng5 h6 12. e6 hxg5 13. exd7+ Qxd7 14. Bxg5 Rb8 15. 0-0 e6 16. Qe2 Rb5 17. Be3 0-0 18. a4 Rb6 19. h4 c5 20. dxc5 Rc6 21. Rad1 Qe7 22. h5 gxh5 23. Qxh5 Qf6 24. Rd3 Qg6 25. Qe2 dxc5 26. Bf4 e5 27. Rg3 Qf5 28. Bxe5 f6 29. Qc4+ Re6 30. Rf3 Qxe5 31. Re3 Qxe3 32. fxe3 Rfe8 33. Rd1 Kf8 34. Rd7 R8e7 35. Qxc5 Ke8 36. Rxc7 1-0

[Event "Speed Chess Q2 Sw"]
[Site "Chess.com INT"]
[Date "2023.08.23"]
[Round "4"]
[White "Nilsen, Tobias Lang"]
[Black "Han, Yichen"]
[Result "0-1"]
[WhiteElo "2219"]
[BlackElo "2413"]
[PlyCount "82"]
[EventDate "2023.08.23"]
[EventType "swiss (blitz)"]
[EventRounds "14"]
[EventCountry "USA"]
[SourceTitle "CBM 215 Extra"]
[Source "ChessBase"]
[SourceDate "2023.09.30"]
[SourceVersion "1"]
[SourceVersionDate "2023.09.30"]
[SourceQuality "1"]

1. e4 g6 2. d4 Bg7 3. Nc3 c6 4. f4 b5 5. a3 d6 6. Nf3 Nf6 7. Be3 0-0 8. Be2 a5 9. e5 Ng4 10. Bg1 Nh6 11. Bd3 Bb7 12. Qe2 Nd7 13. Bf2 b4 14. Ne4 Nb6 15. h4 Nd5 16. Qd2 Ng4 17. h5 c5 18. dxc5 dxe5 19. hxg6 hxg6 20. fxe5 f5 21. exf6 exf6 22. 0-0-0 bxa3 23. Bc4 f5 24. Nd6 Rf7 25. Bxd5 Qf6 26. Bxf7+ Qxf7 27. Nxf7 a2 28. Nh6+ Bxh6 29. Qxh6 Nxh6 30. Rxh6 a1Q+ 31. Kd2 Qxb2 32. Bd4 Qb4+ 33. c3 Qb2+ 34. Kd3 Ba6+ 35. c4 Qb3+ 36. Bc3 Qxc4+ 37. Kc2 Qa4+ 38. Kc1 Qf4+ 39. Bd2 Qc4+ 40. Kb1 Rb8+ 41. Ka1 Qa4# 0-1

[Event "Titled Tuesday intern op 22nd Aug Late"]
[Site "Chess.com INT"]
[Date "2023.08.22"]
[Round "4"]
[White "Han, Yichen"]
[Black "Diano, Eden"]
[Result "0-1"]
[WhiteElo "2413"]
[BlackElo "2100"]
[PlyCount "58"]
[EventDate "2023.08.22"]
[EventType "swiss (blitz)"]
[EventRounds "11"]
[EventCountry "USA"]
[SourceTitle "EXT 2024"]
[Source "ChessBase"]
[SourceDate "2023.10.10"]
[SourceVersion "1"]
[SourceVersionDate "2023.10.10"]
[SourceQuality "1"]

1. e4 c5 2. Nf3 a6 3. c3 Qc7 4. d4 d6 5. a4 Bg4 6. h3 Bxf3 7. Qxf3 cxd4 8. Be2 Nc6 9. 0-0 Nf6 10. Bg5 Ne5 11. Qg3 Nxe4 12. Qh4 Nxg5 13. Qxg5 d3 14. Bd1 f6 15. Qd2 Qc5 16. Kh1 g5 17. Bh5+ Kd7 18. Na3 Rc8 19. f4 gxf4 20. Qxf4 e6 21. Qxf6 Be7 22. Qh6 Rcf8 23. Rad1 Qa5 24. Rf4 Rxf4 25. Qxf4 Rf8 26. Qe3 Qxa4 27. Qb6 Qc6 28. Qe3 Rg8 29. Rd2 Bg5 0-1